000 00311nam a22001337a 4500
008 170906b xxu||||| |||| 00| 0 eng d
020 _a9780471744856
041 _aeng
080 _23RD
_a72
100 _a41
101 _aARK
245 _aFUNDAMENTALS OF MODERN MANUFACTURING
_cGROOVER,M.P
942 _2udc
_cBK
999 _c26346
_d26346